[Event "ZMDI-Open 2013"]
[Site "Dresden"]
[Date "2013.08.13"]
[Round "4"]
[White "Scherer, F."]
[Black "Richter, L."]
[Result "0-1"]
[WhiteElo "2072"]
[BlackElo "2020"]
[PlyCount "50"]
[EventDate "2013.??.??"]

1. e4 c5 2. Nf3 d6 3. d4 cxd4 4. Nxd4 Nf6 5. Nc3 a6 6. f4 e5 7. Nf3 Qc7 8. a4
Be7 9. Bd3 O-O 10. O-O Nbd7 11. Kh1 b6 12. fxe5 Nxe5 13. Nxe5 dxe5 14. Bg5 Be6
15. Qe1 Nh5 16. Bxe7 Qxe7 17. g3 Nf6 18. Qe3 Qb4 19. Rxf6 gxf6 20. Qh6 Qxb2 21.
Ra3 Qxa3 22. Nd5 Bxd5 23. exd5 Qa1+ 24. Kg2 e4 25. Bxe4 f5 0-1

[Event "ZMDI-Open 2013"]
[Site "Dresden"]
[Date "2013.08.13"]
[Round "4"]
[White "Niegsch, N."]
[Black "Richter, G."]
[Result "1/2-1/2"]
[WhiteElo "2004"]
[BlackElo "2127"]
[PlyCount "52"]
[EventDate "2013.??.??"]

1. e4 c5 2. Nf3 d6 3. d4 cxd4 4. Nxd4 Nf6 5. Nc3 a6 6. Bg5 Nbd7 7. Qe2 Qa5 8.
h4 h6 9. Bd2 Qb6 10. Nb3 e6 11. O-O-O Nc5 12. Nxc5 Qxc5 13. Be3 Qc7 14. Bd4 e5
15. Nd5 Nxd5 16. exd5 Bf5 17. g4 Bg6 18. Bg2 Be7 19. Bc3 O-O 20. Be4 f5 21.
gxf5 Bxf5 22. f3 Bxe4 23. fxe4 Rf4 24. Bd2 Rxh4 25. Rxh4 Bxh4 26. Qg4 Bg5
1/2-1/2

[Event "ZMDI-Open 2013"]
[Site "Dresden"]
[Date "2013.08.13"]
[Round "4"]
[White "Klaus, J."]
[Black "Proschmann, T."]
[Result "1/2-1/2"]
[WhiteElo "1916"]
[BlackElo "2091"]
[PlyCount "172"]
[EventDate "2013.??.??"]

1. d4 d5 2. c4 c6 3. e3 Bf5 4. Qb3 Qc7 5. cxd5 cxd5 6. Nc3 e6 7. Bd2 Nc6 8. Rc1
Nf6 9. Nf3 Be7 10. Ne5 O-O 11. Bb5 Nd7 12. Nxc6 bxc6 13. Na4 Rab8 14. Rxc6 Qxc6
15. Bxc6 Rxb3 16. axb3 Nf6 17. Nc3 Rb8 18. Ba4 Bd3 19. Kd1 Ng4 20. Be1 Nf6 21.
f3 Bb4 22. Bg3 Rc8 23. Kd2 Bg6 24. Bb5 a5 25. Ra1 Kf8 26. Bd3 Bxd3 27. Kxd3 Nh5
28. Be1 Rb8 29. Bd2 Ke7 30. Nb1 Bd6 31. Rxa5 Bxh2 32. b4 Bd6 33. b5 Rb7 34. Na3
Nf6 35. e4 dxe4+ 36. fxe4 Nd7 37. Kc4 Nb6+ 38. Kb3 Bc7 39. Bb4+ Kd7 40. Ra6 h5
41. Bc5 g5 42. Nc4 Nxc4 43. Kxc4 h4 44. Ra1 f5 45. exf5 exf5 46. d5 f4 47. Re1
Bd8 48. Re6 Kc8 49. Rg6 Rf7 50. Rg8 f3 51. gxf3 Rf4+ 52. Kd3 h3 53. Bd6 Rxf3+
54. Kc4 Kd7 55. Be5 Bf6 56. Bxf6 Rxf6 57. Rxg5 Rh6 58. Rg1 h2 59. Rh1 Kd6 60.
b6 Kd7 61. Kc5 Kc8 62. d6 Rh4 63. b3 Rh3 64. b4 Kb7 65. d7 Rh5+ 66. Kc4 Rh4+
67. Kb5 Rh5+ 68. Ka4 Rd5 69. Rxh2 Rxd7 70. Rh6 Rd5 71. Kb3 Rb5 72. Kc4 Rxb6 73.
Rh7+ Kb8 74. Kc5 Rg6 75. b5 Rf6 76. Kb4 Rg6 77. Ka5 Rf6 78. b6 Rf1 79. Rh5 Kb7
80. Rh7+ Kb8 81. Rh4 Ra1+ 82. Kb5 Rb1+ 83. Rb4 Rxb4+ 84. Kxb4 Kb7 85. Kc5 Kb8
86. b7 Kxb7 1/2-1/2

[Event "ZMDI-Open 2013"]
[Site "Dresden"]
[Date "2013.08.13"]
[Round "4"]
[White "Zahn, A."]
[Black "Humburg, P."]
[Result "0-1"]
[WhiteElo "1985"]
[BlackElo "2054"]
[PlyCount "78"]
[EventDate "2013.??.??"]

1. e4 c5 2. Nf3 Nc6 3. d4 cxd4 4. Nxd4 Nf6 5. Nc3 d6 6. Bg5 e6 7. Qd2 a6 8.
O-O-O Bd7 9. f3 Rc8 10. Be3 h5 11. h3 b5 12. Bd3 Ne5 13. Kb1 Nc4 14. Bxc4 Rxc4
15. Nce2 Be7 16. g4 g6 17. g5 Nh7 18. h4 e5 19. Nb3 O-O 20. Ng3 Qc7 21. Rhg1
Rc8 22. Rc1 Nf8 23. Qf2 Rb8 24. Rgf1 Ne6 25. Ne2 Bc6 26. Nc3 Rxc3 27. bxc3 a5
28. Rce1 a4 29. Nd2 Be8 30. Kc1 Qxc3 31. Nb1 Qc4 32. a3 b4 33. Qe2 Qa2 34. axb4
Rxb4 35. Kd2 Qb2 36. Nc3 Nd4 37. Bxd4 Rxd4+ 38. Ke3 Qxc3+ 39. Kf2 Rd2 0-1

[Event "ZMDI-Open 2013"]
[Site "Dresden"]
[Date "2013.08.13"]
[Round "4"]
[White "Salewski, B."]
[Black "Hansch, S."]
[Result "0-1"]
[WhiteElo "2020"]
[BlackElo "1980"]
[PlyCount "74"]
[EventDate "2013.??.??"]

1. e4 c5 2. Nc3 a6 3. f4 Nc6 4. Nf3 g6 5. Bc4 e6 6. a4 Bg7 7. O-O Nge7 8. d3 d5
9. Bb3 O-O 10. Qe1 Nd4 11. Kh1 Nxb3 12. cxb3 b6 13. Qh4 Nc6 14. Qh3 f5 15. Ng5
h6 16. Nf3 d4 17. Nd1 fxe4 18. dxe4 e5 19. Qg3 Qf6 20. fxe5 Nxe5 21. Kg1 Nxf3+
22. gxf3 Qe6 23. a5 Qxb3 24. Ra3 Qe6 25. axb6 Qxb6 26. Bf4 Rf6 27. Bc7 Qe6 28.
Nf2 c4 29. Rc1 Bd7 30. Ra5 Bb5 31. Rd1 d3 32. Be5 Rf7 33. Bxg7 Kxg7 34. f4 Kh7
35. Raa1 Raf8 36. Nxd3 Qxe4 37. Qh4 Qe3+ 0-1

[Event "ZMDI-Open 2013"]
[Site "Dresden"]
[Date "2013.08.13"]
[Round "4"]
[White "Schackmann, O."]
[Black "Schellmann, F."]
[Result "1-0"]
[WhiteElo "1903"]
[BlackElo "2121"]
[PlyCount "123"]
[EventDate "2013.??.??"]

1. e4 e5 2. Nf3 Nc6 3. d4 exd4 4. Nxd4 Nf6 5. Nxc6 bxc6 6. Bd3 d5 7. Nc3 Bb4 8.
exd5 cxd5 9. O-O O-O 10. h3 c6 11. Qf3 Re8 12. Bf4 Bd6 13. Rfd1 Rb8 14. b3 Rb4
15. Bxd6 Qxd6 16. Ne2 Qe5 17. c3 Rh4 18. Qg3 Rh6 19. Qxe5 Rxe5 20. c4 Bd7 21.
Rac1 g5 22. cxd5 Nxd5 23. Nd4 g4 24. hxg4 Bxg4 25. Rxc6 Rxc6 26. Nxc6 Re6 27.
Rc1 Nf4 28. Bc4 Rxc6 29. Bxf7+ Kxf7 30. Rxc6 Ne2+ 31. Kf1 Nd4 32. Rc7+ Kg6 33.
Rxa7 Be2+ 34. Ke1 Bb5 35. Kd2 Bf1 36. Rd7 Nf5 37. g3 h5 38. a4 h4 39. gxh4 Nxh4
40. a5 Kf5 41. Kc3 Ng6 42. Kd4 Ke6 43. Rd8 Ke7 44. Rg8 Nf8 45. b4 Ne6+ 46. Ke5
Kd7 47. Rg1 Be2 48. Re1 Bb5 49. Rd1+ Ke7 50. f4 Nd8 51. Kd5 Nb7 52. Ra1 Kd7 53.
a6 Bc6+ 54. Kc4 Nd6+ 55. Kd4 Kc7 56. Ke5 Nc4+ 57. Ke6 Kb6 58. a7 Ba8 59. f5 Ne3
60. f6 Nd5 61. f7 Nf4+ 62. Kf5 1-0

[Event "ZMDI-Open 2013"]
[Site "Dresden"]
[Date "2013.08.13"]
[Round "4"]
[White "Steinert, F."]
[Black "Scharff, K."]
[Result "1/2-1/2"]
[WhiteElo "1931"]
[BlackElo "2013"]
[PlyCount "97"]
[EventDate "2013.??.??"]

1. e4 e6 2. d4 d5 3. e5 c5 4. c3 Nc6 5. Nf3 f5 6. Be2 Bd7 7. h4 Qc7 8. Ng5 Nh6
9. Bf4 Be7 10. Na3 Qb6 11. Qb3 Qxb3 12. axb3 O-O 13. dxc5 Bxc5 14. b4 Be7 15.
Bb5 a6 16. Bxc6 bxc6 17. Nc2 Nf7 18. Nd4 Nxg5 19. Bxg5 Bxg5 20. hxg5 Rfb8 21.
Ra5 Rb6 22. Kd2 Rc8 23. Nb3 Rcb8 24. Rha1 Bc8 25. Nc5 Ra8 26. f4 Kf7 27. Ke3
Kg6 28. Kd4 h6 29. gxh6 gxh6 30. Ke3 h5 31. Rh1 Ra7 32. Rh3 Rg7 33. Ra1 Rh7 34.
Rg3+ Kf7 35. b3 Rh8 36. Rh3 Rh6 37. Ra5 Kg6 38. g3 Rh7 39. Rh2 Rg7 40. Rha2 Ra7
41. Kd4 Kh7 42. Rh2 Kg6 43. Ra1 Rh7 44. Rha2 Ra7 45. Ra5 Kh6 46. Rh1 Rg7 47.
Rh3 Kg6 48. Nd3 Rb5 49. Ra1 1/2-1/2

[Event "ZMDI-Open 2013"]
[Site "Dresden"]
[Date "2013.08.13"]
[Round "4"]
[White "Herbrig, T."]
[Black "Zimmermann, C."]
[Result "0-1"]
[WhiteElo "1921"]
[BlackElo "2045"]
[PlyCount "206"]
[EventDate "2013.??.??"]

1. Nf3 Nf6 2. d4 g6 3. c3 Bg7 4. Bg5 O-O 5. e3 b6 6. Nbd2 Bb7 7. Bd3 d5 8. O-O
Nbd7 9. Qc2 c5 10. a4 Re8 11. Bh4 Rc8 12. a5 e5 13. dxe5 Nxe5 14. Bb5 Nc6 15.
a6 Ba8 16. Rfd1 Qc7 17. Bg3 Qe7 18. Bh4 Qe6 19. Bg3 Nh5 20. Bh4 Bf6 21. Bxf6
Nxf6 22. Nf1 Rcd8 23. Ng3 Ne5 24. Nxe5 Qxe5 25. Qa4 Qe6 26. Qf4 Ng4 27. Bf1 Ne5
28. Rd2 Bc6 29. Rad1 Rd7 30. e4 Red8 31. exd5 Bxd5 32. h4 Bc6 33. Rxd7 Rxd7 34.
Rxd7 Bxd7 35. h5 Nc6 36. h6 Qe5 37. Qd2 Be6 38. b4 Qd5 39. Qf4 Qe5 40. Qc1 cxb4
41. cxb4 Nxb4 42. Qd2 Nd5 43. Qc1 Qc7 44. Qg5 f6 45. Qd2 Qf4 46. Qxf4 Nxf4 47.
Ne4 Nd5 48. Bc4 Kf7 49. Nd6+ Ke7 50. Nb5 Nb4 51. Be2 Nxa6 52. Nxa7 Nb4 53. Nb5
f5 54. f4 Kf6 55. Nc7 Nd5 56. Nxe6 Kxe6 57. Bc4 Kd6 58. g3 Kc5 59. Ba2 Nf6 60.
Kh2 Kd4 61. Kh3 b5 62. Kh4 b4 63. Bf7 Kc3 64. Bxg6 hxg6 65. Kg5 Nh7+ 66. Kxg6
b3 67. Kxh7 b2 68. Kg7 b1=Q 69. h7 Qb7+ 70. Kg8 Qc8+ 71. Kg7 Qd7+ 72. Kg8 Qc8+
73. Kg7 Qb7+ 74. Kg8 Qb3+ 75. Kg7 Kd2 76. h8=Q Qxg3+ 77. Kf7 Qxf4 78. Qb2+ Ke3
79. Qc2 Kf3 80. Qd1+ Kg3 81. Qg1+ Kh4 82. Qe1+ Qg3 83. Qh1+ Kg5 84. Qd5 Qc7+
85. Ke8 Qc2 86. Qd8+ Kg4 87. Qd7 Kf3 88. Kf7 Qc4+ 89. Kf6 Qh4+ 90. Ke5 Qe4+ 91.
Kf6 f4 92. Qh3+ Ke2 93. Qh2+ Kd3 94. Kg5 f3 95. Qd6+ Ke2 96. Qa6+ Kf2 97. Qa2+
Kg3 98. Qb3 Kg2 99. Kf6 f2 100. Qg8+ Kf3 101. Qb3+ Kg2 102. Qg8+ Kh3 103. Qc8+
Kg3 0-1

[Event "ZMDI-Open 2013"]
[Site "Dresden"]
[Date "2013.08.13"]
[Round "4"]
[White "Peil, C."]
[Black "Kempen, W."]
[Result "1-0"]
[WhiteElo "2015"]
[BlackElo "2059"]
[PlyCount "52"]
[EventDate "2013.??.??"]

1. d4 d5 2. c4 e6 3. Nf3 c6 4. g3 Nf6 5. Bg2 Bb4+ 6. Nbd2 O-O 7. O-O Nbd7 8.
Qc2 Re8 9. Ne5 Nxe5 10. dxe5 Nd7 11. Nf3 f6 12. e4 dxe4 13. Qxe4 f5 14. Qe2 a5
15. Rd1 Qc7 16. Bf4 Nf8 17. h4 Ng6 18. Bg5 h6 19. Bd2 Rd8 20. h5 Nxe5 21. Nxe5
Rxd2 22. Rxd2 Bxd2 23. Qxd2 Qxe5 24. Qd8+ Kf7 25. Rd1 Qxb2 26. Qc7+ Kf6 1-0

[Event "ZMDI-Open 2013"]
[Site "Dresden"]
[Date "2013.08.13"]
[Round "4"]
[White "Ditmas, H."]
[Black "Schulz, M."]
[Result "1-0"]
[WhiteElo "1997"]
[BlackElo "2046"]
[PlyCount "57"]
[EventDate "2013.??.??"]

1. d4 f5 2. Nc3 Nf6 3. Bg5 c6 4. Bxf6 exf6 5. e3 d5 6. Bd3 Bd6 7. Qf3 g6 8.
O-O-O Na6 9. Bxa6 bxa6 10. Kb1 Qa5 11. Nge2 Rb8 12. b3 Qb4 13. h3 Kf7 14. Ka1
Re8 15. Na4 a5 16. Nf4 Ba6 17. Nd3 Bxd3 18. Rxd3 Re4 19. g3 Rc8 20. Rc1 c5 21.
Nxc5 Bxc5 22. dxc5 Rxc5 23. Qd1 Ke6 24. c4 dxc4 25. Rd8 Rc7 26. Qd5+ Ke7 27.
Qg8 Qb5 28. Qf8+ Ke6 29. Rd6+ 1-0

[Event "ZMDI-Open 2013"]
[Site "Dresden"]
[Date "2013.08.13"]
[Round "4"]
[White "Brendel, B."]
[Black "Gungl, T."]
[Result "1-0"]
[WhiteElo "2033"]
[BlackElo "1948"]
[PlyCount "187"]
[EventDate "2013.??.??"]

1. e4 c5 2. Nf3 d6 3. d4 cxd4 4. Nxd4 Nf6 5. Nc3 a6 6. Bg5 Nbd7 7. Qe2 Qa5 8.
h4 g6 9. Nb3 Qc7 10. Nd5 Nxd5 11. exd5 h6 12. Be3 Bg7 13. O-O-O Nf6 14. Qc4
Qxc4 15. Bxc4 b5 16. Be2 Bb7 17. Bf3 Rc8 18. Rhe1 O-O 19. Rd2 Rfe8 20. Kb1 Ba8
21. Na5 h5 22. Bd4 Nd7 23. Be3 Bf6 24. g3 Ne5 25. Be2 Nd7 26. g4 hxg4 27. Bxg4
Rc7 28. h5 Nc5 29. hxg6 fxg6 30. f3 Na4 31. Bh6 e5 32. Be6+ Kh8 33. Rh2 Rh7 34.
Reh1 Ree7 35. Bf8 Rxh2 36. Rxh2+ Rh7 37. Rxh7+ Kxh7 38. Bxd6 Nb6 39. Nc6 Nc4
40. Bb4 Ne3 41. b3 Kg7 42. Bd2 Nf1 43. Ba5 Nh2 44. Bc8 Nxf3 45. Bxa6 g5 46.
Bxb5 g4 47. Be2 e4 48. Bc7 Kg6 49. Kc1 Kf5 50. c4 Bh4 51. Bf1 g3 52. Bh3+ Kg6
53. Ne5+ Kg7 54. Kd1 Bb7 55. Bg2 Ng5 56. Bd8 Nf3 57. Bxf3 Bxd8 58. Bxe4 Be7 59.
Ke2 Bd6 60. Nd3 Bc8 61. Bg2 Bg4+ 62. Ke3 Bf5 63. a4 Kf7 64. a5 Ke7 65. Ne1 Kd7
66. Be4 Bh3 67. Kd4 Bb4 68. Ng2 Bxa5 69. c5 Kd8 70. Kc4 Bd2 71. b4 Bg4 72. b5
Be2+ 73. Bd3 Bf3 74. Bf1 Kc7 75. d6+ Kd7 76. Kd4 Bg5 77. Ne1 Bf6+ 78. Kd3 Bh5
79. Bg2 Bg6+ 80. Kc4 Bf7+ 81. Kb4 Bg5 82. Nd3 Bd2+ 83. Ka4 Bh5 84. Ne5+ Ke6 85.
Nc4 Bd1+ 86. Ka3 Bc1+ 87. Nb2 Be3 88. Kb4 Bd2+ 89. Kc4 Be2+ 90. Nd3 Be3 91.
Bh3+ Kf7 92. c6 g2 93. Bxg2 Ke8 94. Bh3 1-0

[Event "ZMDI-Open 2013"]
[Site "Dresden"]
[Date "2013.08.13"]
[Round "4"]
[White "Eilers, J."]
[Black "Stahr, R."]
[Result "*"]
[WhiteElo "2009"]
[BlackElo "2079"]
[PlyCount "92"]
[EventDate "2013.??.??"]

1. e4 c5 2. Nc3 e6 3. g3 d5 4. exd5 exd5 5. Bg2 d4 6. Qe2+ Ne7 7. Nd5 Nbc6 8.
d3 Be6 9. Nf4 Qd7 10. Nxe6 Qxe6 11. Qxe6 fxe6 12. Bd2 Nd5 13. O-O-O Kf7 14. Nf3
Be7 15. Rde1 Rhe8 16. Re2 Bf6 17. Rhe1 h6 18. Rxe6 Nc7 19. Rxe8 Rxe8 20. Rxe8
Kxe8 21. Nh4 Be5 22. Ng6 Bd6 23. Bf4 Bxf4+ 24. Nxf4 Nd8 25. Kd2 b6 26. c3 g5
27. Nd5 Nce6 28. c4 Kf7 29. Ke2 h5 30. h3 Kg6 31. Be4+ Kg7 32. f4 gxf4 33. gxf4
Nf7 34. Kf3 Nd6 35. h4 Nd8 36. f5 N8f7 37. Kf4 Ne8 38. Bf3 Kh6 39. Ne7 Ned6 40.
Nc6 a5 41. a4 Ne8 42. Ne5 Nfd6 43. Nd7 Nc8 44. Ke5 Ned6 45. Ke6 Ne8 46. Nf6
Ng7+ *

[Event "ZMDI-Open 2013"]
[Site "Dresden"]
[Date "2013.08.13"]
[Round "4"]
[White "Wolf, A."]
[Black "Keeve, M."]
[Result "1-0"]
[WhiteElo "1988"]
[BlackElo "1932"]
[PlyCount "69"]
[EventDate "2013.??.??"]

1. d4 d5 2. Nf3 Nf6 3. c4 c6 4. g3 Nbd7 5. Bg2 g6 6. O-O Bg7 7. Nc3 O-O 8. cxd5
cxd5 9. Qb3 Nb6 10. Ne5 Be6 11. a4 Ng4 12. a5 Nxe5 13. axb6 Nc4 14. bxa7 Bxd4
15. Rd1 Bxa7 16. Bh6 Re8 17. Qxb7 Qb8 18. Qxb8 Rexb8 19. Nxd5 Bc5 20. Rxa8 Rxa8
21. Nxe7+ Bxe7 22. Bxa8 f6 23. Bc1 Kf8 24. Bd5 Kf7 25. Bxe6+ Kxe6 26. Rd4 Nb6
27. Re4+ Kd7 28. Be3 Nd5 29. Ra4 h5 30. Bd4 f5 31. Ra5 Ke6 32. Bc5 Bf6 33. Ra6+
Kf7 34. b4 Nc3 35. Rxf6+ 1-0

[Event "ZMDI-Open 2013"]
[Site "Dresden"]
[Date "2013.08.13"]
[Round "4"]
[White "Sturm, F."]
[Black "Sauer, E."]
[Result "0-1"]
[WhiteElo "1962"]
[BlackElo "1901"]
[PlyCount "54"]
[EventDate "2013.??.??"]

1. d4 Nf6 2. c4 g6 3. Nc3 d5 4. Qb3 dxc4 5. Qxc4 Bg7 6. Nf3 O-O 7. e4 Na6 8. a3
e6 9. Be2 Nd7 10. Be3 b6 11. Qc6 Rb8 12. Qa4 b5 13. Bxb5 Rb6 14. O-O c6 15. Bc4
c5 16. Rfd1 Qc7 17. Nb5 Qb8 18. d5 exd5 19. exd5 Bxb2 20. Ra2 Bg7 21. d6 Bb7
22. Nc7 Bc6 23. Nxa6 Bxa4 24. Nxb8 Bxd1 25. Nxd7 Rb1 26. Nd2 Rc1 27. Nxf8 Be2+
0-1

[Event "ZMDI-Open 2013"]
[Site "Dresden"]
[Date "2013.08.13"]
[Round "4"]
[White "Felger, K."]
[Black "Herbrig, A."]
[Result "0-1"]
[WhiteElo "1901"]
[BlackElo "1766"]
[PlyCount "112"]
[EventDate "2013.??.??"]

1. d4 Nf6 2. f4 e6 3. Nf3 c5 4. e3 Nc6 5. c3 d5 6. b3 Bd6 7. Ne5 Bd7 8. Be2 Ne4
9. O-O Qb6 10. Bf3 cxd4 11. Nxd7 Kxd7 12. Bxe4 dxe3 13. Qe2 dxe4 14. b4 Bxb4
15. cxb4 Nd4 16. Rd1 Ke7 17. Rxd4 Qxd4 18. Bb2 Qd3 19. Nc3 Rhd8 20. Re1 Qd2 21.
Ba1 Rd3 22. Qxd2 exd2 23. Rd1 e3 24. Kf1 Rc8 25. Ne2 Rc2 26. g4 Rxa2 27. Bd4 a5
28. Kg2 Kd7 29. bxa5 Rxa5 30. Bxg7 b5 31. Kf3 f5 32. h3 b4 33. Nd4 b3 34. Ke2
b2 35. Nc2 Rb3 36. Rb1 Rd5 37. Nxe3 Rxe3+ 38. Kxe3 d1=Q 39. Rxd1 Rxd1 40. Bxb2
Rh1 41. gxf5 Rxh3+ 42. Ke4 exf5+ 43. Ke5 Rb3 44. Bd4 Rb5+ 45. Kf6 Kc6 46. Be5
Rb1 47. Kxf5 h5 48. Kg5 Rh1 49. f5 h4 50. f6 Kd7 51. Kg6 Rg1+ 52. Kh5 Ke6 53.
f7 Rf1 54. Bb2 h3 55. Kg4 h2 56. f8=Q Rxf8 0-1

[Event "ZMDI-Open 2013"]
[Site "Dresden"]
[Date "2013.08.13"]
[Round "4"]
[White "Scholz, R."]
[Black "Barlage, T."]
[Result "1-0"]
[WhiteElo "1879"]
[BlackElo "1974"]
[PlyCount "69"]
[EventDate "2013.??.??"]

1. e4 c6 2. d4 d5 3. e5 Bf5 4. Nf3 e6 5. Be2 c5 6. O-O Nc6 7. c3 cxd4 8. cxd4
Bb4 9. Bd2 Bxd2 10. Qxd2 Nge7 11. Nc3 h6 12. a3 O-O 13. b4 Nc8 14. Bd3 N6e7 15.
Rac1 Nb6 16. Qe2 Rc8 17. Nd2 Bxd3 18. Qxd3 Nf5 19. Kh1 Qh4 20. Nf3 Qd8 21. Nd2
a6 22. g4 Ne7 23. f4 Nc4 24. Na4 b6 25. f5 Qd7 26. f6 Ng6 27. Nc3 b5 28. Nb3
Qc6 29. Qf3 Nh4 30. Qg3 g5 31. Nc5 Ng6 32. Rf2 Nf4 33. Rxf4 gxf4 34. Qh4 Nxe5
35. Qxh6 1-0

[Event "ZMDI-Open 2013"]
[Site "Dresden"]
[Date "2013.08.13"]
[Round "4"]
[White "Dümmke, J."]
[Black "Schwarz, H."]
[Result "1/2-1/2"]
[WhiteElo "2028"]
[BlackElo "1905"]
[PlyCount "76"]
[EventDate "2013.??.??"]

1. Nf3 f5 2. e4 fxe4 3. Ng5 d5 4. d3 e5 5. dxe4 Nf6 6. exd5 Bc5 7. Nc3 O-O 8.
f3 h6 9. Ne6 Bxe6 10. dxe6 Qe7 11. Bc4 Nc6 12. Qd3 Nb4 13. Qe2 c6 14. a3 Nbd5
15. Bxd5 Nxd5 16. Nxd5 cxd5 17. Be3 Bd6 18. O-O Qxe6 19. Rad1 Qf7 20. c3 Rfd8
21. Bf2 Rd7 22. Rfe1 a6 23. Bg3 Re8 24. Qd3 Bc5+ 25. Kh1 Qh5 26. Rd2 Kh8 27.
Rde2 e4 28. fxe4 d4 29. cxd4 Rxd4 30. Qf3 Qg6 31. Bf2 Rf8 32. Qg3 Qh5 33. Bxd4
Bxd4 34. h3 Qxe2 35. Rxe2 Rf1+ 36. Kh2 Bg1+ 37. Kh1 Bf2+ 38. Kh2 Bg1+ 1/2-1/2

[Event "ZMDI-Open 2013"]
[Site "Dresden"]
[Date "2013.08.13"]
[Round "4"]
[White "König, J."]
[Black "Pössel, C."]
[Result "0-1"]
[WhiteElo "1705"]
[BlackElo "1956"]
[PlyCount "44"]
[EventDate "2013.??.??"]

1. d4 Nf6 2. Nf3 g6 3. Bg5 Bg7 4. e3 O-O 5. Bd3 c5 6. c3 b6 7. Nbd2 Nc6 8. O-O
d5 9. Qc2 c4 10. Be2 Bf5 11. Qd1 b5 12. b4 a5 13. a3 Nd7 14. Nh4 Be6 15. e4 Nb6
16. Qc2 Na4 17. Be3 dxe4 18. Nxe4 Bd5 19. Nc5 e5 20. Nxa4 exd4 21. Nf3 dxe3 22.
Nc5 axb4 0-1

[Event "ZMDI-Open 2013"]
[Site "Dresden"]
[Date "2013.08.13"]
[Round "4"]
[White "Nixdorf, A."]
[Black "Mäder, J."]
[Result "1-0"]
[WhiteElo "1933"]
[BlackElo "1855"]
[PlyCount "89"]
[EventDate "2013.??.??"]

1. e4 c5 2. Nf3 d6 3. d4 cxd4 4. Nxd4 Nf6 5. Nc3 a6 6. f3 e5 7. Nb3 Be6 8. Be3
Nbd7 9. Qd2 Nb6 10. O-O-O Rc8 11. Kb1 h5 12. Qf2 Nfd7 13. Nd5 Bxd5 14. exd5 Na4
15. g3 Ndc5 16. Bh3 Rc7 17. Qd2 Be7 18. Rhe1 O-O 19. Qb4 f5 20. Na5 Rc8 21. b3
Nc3+ 22. Qxc3 Na4 23. Qb4 Nc3+ 24. Kb2 Bf6 25. Bf1 Nxd1+ 26. Rxd1 Qc7 27. c4
e4+ 28. Bd4 Bxd4+ 29. Rxd4 exf3 30. Rf4 g5 31. Rxf3 f4 32. gxf4 Rxf4 33. Rxf4
gxf4 34. Bh3 Rf8 35. Be6+ Kh8 36. Nxb7 Rb8 37. Qc3+ Kh7 38. Na5 Rf8 39. Nc6 f3
40. Nd4 f2 41. Qd3+ Kh8 42. Nf5 Rxf5 43. Qxf5 Qg7+ 44. Ka3 Qd4 45. Qf8+ 1-0

[Event "ZMDI-Open 2013"]
[Site "Dresden"]
[Date "2013.08.13"]
[Round "4"]
[White "Mühle, H."]
[Black "Osterloh, F."]
[Result "0-1"]
[WhiteElo "1927"]
[BlackElo "1752"]
[PlyCount "60"]
[EventDate "2013.??.??"]

1. d4 Nf6 2. Nf3 d6 3. Bg5 Nbd7 4. Nc3 e5 5. dxe5 dxe5 6. Nd5 Bd6 7. e4 O-O 8.
Bc4 c6 9. Ne3 Qa5+ 10. Qd2 Bb4 11. c3 Bc5 12. b4 Bxe3 13. Qxe3 Qc7 14. Rd1 h6
15. Bh4 Nh7 16. Be7 Re8 17. Bd6 Qb6 18. Qd3 Ng5 19. Nxg5 hxg5 20. Qg3 Nf6 21.
Bc5 Qc7 22. f3 g4 23. h3 Nh5 24. Qh4 Nf4 25. Kf2 gxf3 26. gxf3 Be6 27. Bxe6
Rxe6 28. Qg4 Rd8 29. Be3 Rg6 30. Qh4 Rg2+ 0-1

[Event "ZMDI-Open 2013"]
[Site "Dresden"]
[Date "2013.08.13"]
[Round "4"]
[White "Schöhl, G."]
[Black "Bui, H."]
[Result "0-1"]
[WhiteElo "1909"]
[BlackElo "1632"]
[PlyCount "72"]
[EventDate "2013.??.??"]

1. Nf3 Nf6 2. c4 d5 3. cxd5 Nxd5 4. d4 g6 5. e4 Nf6 6. Nc3 Bg7 7. Bc4 c6 8. Qb3
O-O 9. O-O b5 10. Bxf7+ Rxf7 11. Ng5 e6 12. Nxf7 Kxf7 13. Rd1 a6 14. d5 exd5
15. Bg5 Bb7 16. e5 Nbd7 17. exf6 Nxf6 18. Ne4 h6 19. Bxf6 Bxf6 20. Rac1 Be7 21.
Qf3+ Kg7 22. Nc5 Bc8 23. Re1 Qd6 24. Qe3 Bg5 25. f4 Bf6 26. Nd3 d4 27. Qg3 Bf5
28. Qf3 Rc8 29. Ne5 c5 30. g4 Bd7 31. Nxd7 Qxd7 32. f5 d3 33. Re6 d2 34. Rd1
Re8 35. Rxe8 Qxe8 36. Rxd2 Qe1+ 0-1

[Event "ZMDI-Open 2013"]
[Site "Dresden"]
[Date "2013.08.13"]
[Round "4"]
[White "Nobis, A."]
[Black "Weißpflog, J."]
[Result "1-0"]
[WhiteElo "1759"]
[BlackElo "2037"]
[PlyCount "39"]
[EventDate "2013.??.??"]

1. e4 c5 2. Nf3 d6 3. d4 cxd4 4. Nxd4 Nf6 5. Nc3 a6 6. Be2 e5 7. Nb3 h6 8. Be3
Be7 9. O-O b5 10. Nd5 Nbd7 11. Nxe7 Kxe7 12. c4 bxc4 13. Bxc4 Bb7 14. f3 a5 15.
Qd3 Nb6 16. Bb5 d5 17. Bc5+ Ke6 18. exd5+ Nbxd5 19. Rfe1 Ne7 20. Nd4+ 1-0

[Event "ZMDI-Open 2013"]
[Site "Dresden"]
[Date "2013.08.13"]
[Round "4"]
[White "Nachtkamp, H."]
[Black "Richter, S."]
[Result "1-0"]
[WhiteElo "2086"]
[BlackElo "1843"]
[PlyCount "31"]
[EventDate "2013.??.??"]

1. d4 Nf6 2. Nf3 g6 3. c4 c5 4. dxc5 Qa5+ 5. Nc3 Qxc5 6. e3 Bg7 7. a3 d6 8. Be2
O-O 9. O-O a6 10. b4 Qc7 11. Bb2 Ne4 12. Nd5 Qd8 13. Bxg7 Kxg7 14. Qd4+ Nf6 15.
Nxf6 Nc6 16. Ne8+ 1-0

[Event "ZMDI-Open 2013"]
[Site "Dresden"]
[Date "2013.08.13"]
[Round "4"]
[White "Würsig, M."]
[Black "Glasewald, S."]
[Result "0-1"]
[WhiteElo "1819"]
[BlackElo "2075"]
[PlyCount "30"]
[EventDate "2013.??.??"]

1. e4 c5 2. Nf3 e6 3. Be2 Nc6 4. d4 cxd4 5. Nxd4 Nf6 6. f3 Bc5 7. Be3 Qb6 8. e5
Nd5 9. Nxe6 Nxe3 10. Nxg7+ Kf8 11. Qc1 Kxg7 12. Na3 Nxe5 13. Rb1 Re8 14. b4
Bxb4+ 15. c3 Bxa3 0-1

[Event "ZMDI-Open 2013"]
[Site "Dresden"]
[Date "2013.08.13"]
[Round "4"]
[White "Enache, R."]
[Black "Hartmann, T."]
[Result "1-0"]
[WhiteElo "1696"]
[BlackElo "2016"]
[PlyCount "123"]
[EventDate "2013.??.??"]

1. e4 e5 2. Nf3 Nc6 3. Nc3 Nf6 4. d4 exd4 5. Nxd4 Bb4 6. Nxc6 bxc6 7. Bd3 d5 8.
exd5 cxd5 9. O-O O-O 10. Bg5 c6 11. Qf3 Be7 12. Rfe1 h6 13. Bh4 Bg4 14. Qf4 Be6
15. Qd2 Rb8 16. Rab1 Bb4 17. a3 Be7 18. Ne2 Ne4 19. Bxe4 Bxh4 20. Bd3 c5 21. c3
Qb6 22. Bc2 Rfd8 23. Red1 Bf6 24. h3 d4 25. cxd4 Ba2 26. Ra1 Qxb2 27. Rxa2 Qb6
28. Rb1 Qc7 29. Rxb8 Qxb8 30. Qf4 cxd4 31. Qxb8 Rxb8 32. Kf1 Rd8 33. Bd3 Be7
34. Ke1 Bc5 35. Kd2 Kf8 36. Rc2 Bxa3 37. Rc4 a5 38. Nxd4 Bb4+ 39. Kc2 Be1 40.
f3 Ra8 41. Be4 Rb8 42. Nc6 Rb5 43. Nd4 Rb8 44. Nb3 Bb4 45. Nc5 Rb5 46. Nd3 Bd6
47. Kc3 Ke7 48. Kd4 Bh2 49. Ra4 Bc7 50. Kc4 Rb1 51. h4 Rh1 52. Kb5 Rxh4 53. Kc6
Bd8 54. Nc5 Rh2 55. Nb7 Rxg2 56. Rd4 Rb2 57. Nxd8 a4 58. Rd7+ Ke8 59. Nb7 a3
60. Nd6+ Kf8 61. Rxf7+ Kg8 62. Ra7 1-0

[Event "ZMDI-Open 2013"]
[Site "Dresden"]
[Date "2013.08.13"]
[Round "4"]
[White "Wong, G."]
[Black "Kießling, A."]
[Result "1-0"]
[WhiteElo "1766"]
[BlackElo "1995"]
[PlyCount "115"]
[EventDate "2013.??.??"]

1. e4 c5 2. Nf3 d6 3. d4 cxd4 4. Nxd4 Nf6 5. f3 a6 6. c4 e6 7. Be3 Be7 8. Nc3
O-O 9. Qd2 Qc7 10. Be2 Bd7 11. O-O Nc6 12. Rfc1 Ne5 13. b3 Rac8 14. a4 Ng6 15.
a5 Ne8 16. Bd3 Bf6 17. Ra2 Ne7 18. Bf1 Nc6 19. Nce2 Qb8 20. Rd1 Bd8 21. Kh1 Bc7
22. h3 Rd8 23. Nc3 Nxa5 24. Rda1 Nc6 25. Bg5 f6 26. Bh4 Ne7 27. b4 Qc8 28. Ra3
Kh8 29. Qa2 Bb6 30. Nb3 Ng6 31. Bg3 f5 32. exf5 exf5 33. Nd5 Bc7 34. Nxc7 Qxc7
35. c5 f4 36. cxd6 Qxd6 37. Bf2 Qc7 38. Rc1 Bc6 39. Nd4 Qd6 40. Nxc6 bxc6 41.
Bc5 Qf6 42. Bxf8 Qxf8 43. Rxa6 Qxb4 44. Raxc6 Nd6 45. Qe6 Nf8 46. Qe7 Qb7 47.
Rc7 Nf5 48. Qf7 Ng3+ 49. Kh2 Nxf1+ 50. Rxf1 Qb2 51. Rb1 Qe5 52. Rb5 Qf6 53.
Qxf6 gxf6 54. Rf5 Ng6 55. Rxf6 Rd2 56. Rb6 Rd8 57. Rbb7 Nf8 58. Rf7 1-0

[Event "ZMDI-Open 2013"]
[Site "Dresden"]
[Date "2013.08.13"]
[Round "4"]
[White "Klein, G."]
[Black "Biastoch, B."]
[Result "0-1"]
[WhiteElo "1953"]
[BlackElo "1640"]
[PlyCount "80"]
[EventDate "2013.??.??"]

1. Nf3 Nf6 2. c4 g6 3. Nc3 Bg7 4. e4 d6 5. d4 O-O 6. Be2 e5 7. O-O Nc6 8. d5
Ne7 9. Ne1 Nd7 10. f3 f5 11. g4 Kh8 12. Nd3 a5 13. Bd2 b6 14. Nb5 Ng8 15. a3
Bh6 16. Bxh6 Nxh6 17. b4 Ng8 18. Rc1 Ndf6 19. Nf2 Bd7 20. c5 axb4 21. axb4 bxc5
22. bxc5 Ra5 23. c6 Bc8 24. Ra1 Ra6 25. Nc3 Rb6 26. Ra8 Qe7 27. Qc2 Qg7 28. Rb1
Rxb1+ 29. Qxb1 Qh6 30. Nb5 Qe3 31. Qd3 Qb6 32. Kg2 fxg4 33. Nxg4 Nxg4 34. fxg4
Qf2+ 35. Kh3 Bxg4+ 36. Bxg4 Rxa8 37. Nxc7 Ra2 38. Qg3 Qf1+ 39. Kh4 g5+ 40. Kxg5
Qf6+ 0-1